Guess the Fusion Rock Song Lyrics #89 - Statistics

General Stats
  • This quiz has been taken 14 times
  • The average score is 178 of 257
Answer Stats
Answer % Correct
the
100%
I
91%
in
91%
Keep
91%
keep
91%
on
91%
a
82%
an
82%
and
82%
free
82%
go
82%
Neil Young
82%
People
82%
people
82%
rockin
82%
to
82%
world
82%
be
73%
can
73%
For
73%
for
73%
get
73%
her
73%
it
73%
life
73%
love
73%
of
73%
one
73%
We
73%
what
73%
With
73%
away
64%
but
64%
fall
64%
got
64%
Got
64%
hand
64%
kid
64%
man
64%
never
64%
Never
64%
Now
64%
put
64%
see
64%
she
64%
She
64%
she's
64%
shoes
64%
So
64%
way
64%
woman
64%
any
55%
baby
55%
better
55%
Don't
55%
feel
55%
gone
55%
gun
55%
lot
55%
night
55%
street
55%
their
55%
There's
55%
blue
45%
cool
45%
dead
45%
done
45%
feet
45%
hates
45%
hit
45%
light
45%
like
45%
more
45%
Red
45%
saying
45%
school
45%
shuffling
45%
sleeping
45%
them
45%
try
45%
We've
45%
white
45%
am
36%
garbage
36%
gentler
36%
homeless
36%
kinder
36%
machine
36%
off
36%
old
36%
points
36%
road
36%
thousand
36%
colors
27%
hope
27%
layer
27%
Near
27%
ozone
27%
that'll
27%
we'd
27%
ahead
18%
alive
18%
burn
18%
says
18%
sign
18%
warning
18%
boxes
9%
department
9%
drive
9%
forget
9%
fuel
9%
paper
9%
roads
9%
Satan
9%
stores
9%
toilet
9%
stryofoam
0%
No matching quizzes found
Score Distribution
Percent of People with Each Score
Percentile by Number Answered
Your Score History
You have not taken this quiz